00730nam a2200169 a 4500003000200000005001700002008004100019050002900060100002600089245014100115260009000256300004000346504004100386600005200427650004700479650003400526020250415100705.0090803s19uu xx 00 eng d aPHS DS 686.614b.P6 2006 aPo, Isabelle De Luna. aThe Perceptions of Overseas Filipino Workers in Hong Kong on President Gloria Macapagal Arroyo's public apology /cIsabelle De Luna Po. aLas Piñas City, Philippines :bSouthville International School and Colleges,c2006. a31 pages :billustrations ;c28 cm. aIncludes bibliographical references. aArroyo, Gloria Macapagal, 1947xPublic opinion. aOverseas Filipino workersvPublic opinion. aFilipino diasporazHong Kong.